<?xml version="1.0" encoding="UTF-8"?>
<record
    xmlns:xsi="http://www.w3.org/2001/XMLSchema-instance"
    xsi:schemaLocation="http://www.loc.gov/MARC21/slim http://www.loc.gov/standards/marcxml/schema/MARC21slim.xsd"
    xmlns="http://www.loc.gov/MARC21/slim">

  <leader>02279nam a22002057a 4500</leader>
  <controlfield tag="003">DO-SdBNP</controlfield>
  <controlfield tag="005">20210419131037.0</controlfield>
  <controlfield tag="008">210419b           dr |||| 00| 0 spa d</controlfield>
  <datafield tag="020" ind1=" " ind2=" ">
    <subfield code="a">9789945167054</subfield>
  </datafield>
  <datafield tag="040" ind1=" " ind2=" ">
    <subfield code="a">BPMSU</subfield>
    <subfield code="b">spa</subfield>
    <subfield code="c">BPMSU</subfield>
  </datafield>
  <datafield tag="100" ind1=" " ind2=" ">
    <subfield code="a">Coss Fr&#xED;as, Elvira Ang&#xE9;lica</subfield>
    <subfield code="d">1941 - </subfield>
  </datafield>
  <datafield tag="245" ind1=" " ind2=" ">
    <subfield code="a">Sobre el Patrimonio Cultural :</subfield>
    <subfield code="b">Mueble, Inmueble e Intangible /</subfield>
    <subfield code="c">Elvira Ang&#xE9;lica Coss Fr&#xED;as </subfield>
  </datafield>
  <datafield tag="260" ind1=" " ind2=" ">
    <subfield code="a">Santo Domingo :</subfield>
    <subfield code="b">B&#xFA;ho, </subfield>
    <subfield code="c">2015.</subfield>
  </datafield>
  <datafield tag="300" ind1=" " ind2=" ">
    <subfield code="a">69 p. ,</subfield>
    <subfield code="c">23 cm.</subfield>
  </datafield>
  <datafield tag="500" ind1=" " ind2=" ">
    <subfield code="a">Incluyes datos biogr&#xE1;fico del autor en la solapa de la cubierta.</subfield>
  </datafield>
  <datafield tag="505" ind1=" " ind2=" ">
    <subfield code="8">Introducir -- El foro a col&#xF3;n -- M&#xE1;s all&#xE1; del Ozama -- Usos m&#xFA;ltiples -- El Patrimonio Cultural  -- La Restauraci&#xF3;n Patrimonial -- Esfuerzos nacionales e internacionales -- Normas de Quito, Ecuador -- Labor &#xE9;tica y normativa -- Convenci&#xF3;n de la haya para la protecci&#xF3;n de los bienes culturales en caso de conflicto armado y el protocolo anexo -- R&#xE9;gimen de protecci&#xF3;n de especial -- Reglamento de aplicaci&#xF3;n -- Protocolo anexo -- Convenci&#xF3;n de Par&#xED;s sobre las medidas que deben adoptarse para prohibir e impedir la importaci&#xF3;n, la exportaci&#xF3;n y transferencia de propiedades il&#xED;cita de bienes culturales -- Bienes culturales . Definici&#xF3;n -- Comit&#xE9; gubernamental para promover el retorno de los bienes de los bienes culturales a sus pa&#xED;ses de  origen o de su restituci&#xF3;n en caso de apropiaci&#xF3;n ilegal -- Convenci&#xF3;n del patrimonio mundial cultural y natural -- Bienes culturales naturales . Criterios -- EL comit&#xE9; intergubernamental de protecci&#xF3;n del patrimonio mundial cultural y natural de valor cultural universal excepcional -- El fondo para la protecci&#xF3;n del Patrimonio cultural y natural -- Oportunidades que representa la inscripci&#xF3;n de los bienes culturales en la lista del patrimonio mundial -- Cargas que representa la inscripciones de los bienes culturales en la lista del patrimonio mundial  -- Servidumbres -- Desafi&#xF3; que entra&#xF1;a la inscripci&#xF3;n -- Lista de accesoria -- Patrimonio subacu&#xE1;tico -- Acci&#xF3;n operativa. Asistencia t&#xE9;cnica -- Modalidad Particular : las Campa&#xF1;as internacionales de salvaguarda -- Patrimonio Latinoamericano y Caribe&#xF1;o -- Ejemplos destacados -- conclusi&#xF3;n. </subfield>
  </datafield>
  <datafield tag="590" ind1=" " ind2=" ">
    <subfield code="6">Inventariado,2021/ MC</subfield>
  </datafield>
  <datafield tag="910" ind1=" " ind2=" ">
    <subfield code="a">Mcabrera.</subfield>
  </datafield>
  <datafield tag="942" ind1=" " ind2=" ">
    <subfield code="2">ddc</subfield>
    <subfield code="c">BK</subfield>
  </datafield>
  <datafield tag="999" ind1=" " ind2=" ">
    <subfield code="c">13426</subfield>
    <subfield code="d">13426</subfield>
  </datafield>
</record>
